00492 2200181 4500001002100000005001500021035002000036245007900056100001900135250001700154260004100171020001800212990001600230990001600246990001600262990001600278990001600294INLIS00000000000707420250708021725 a0010-07250000671 aKritik Antonio Gramsci terhadap Pembangunan Dunia Ketiga /cMuhadi Sugiono0 aMuhadi Sugiono aEd. 1, Cet.1 aYogyakarta :bPustaka Pelajar,c1999 a979-9289-12-2 a00000013602 a00000013598 a00000013599 a00000013600 a00000013601